000 01618nam a22002657a 4500
001 216219491
003 UA-OsUOA
005 20251013163954.0
008 201020b -uk||||g |||| 00| p eng d
020 _a9780140622102
040 _aUA-OsUOA
_bukr
_cUA-OsUOA
_dUA-OsUOA
041 _aeng
080 _a821.111(410)
090 _a821.111(410)
_bE11
245 _aEarly Twentieth - Century Poetry
_cSelected by Paul Driver
260 _aLondon
_bPenguin Books
_c1996
300 _a73 p.
490 _aPenguin Popular Poetry
520 _aThe years covered by this collection of poetry are some of the most turbulent in recent history. Britain moved from wealth and stability to political turmoil as the First World War changed the world and claimed millions of young lives. The poetry in this volume follows the transition from a rural tradition, embodied by Thomas Hardy and D.H. Lawrence, to a poignant realism expressed by the War Poets, Rupert Brooke, Wilfred Owen and Siegfried Sassoon. Here, too, is the early magical poetry of W.B. Yeats and the depiction of the life of a soldier of the Empire by Kipling; two poets who contrast strongly and yet fit happily into the age in which they wrote. Presenting the rich diversity of theme, style and technique, this anthology amply represents the poetry of the early twentieth-century.
650 _a821 Художня література окремими мовами і мовними сім'ями
_2UDC
_917
700 1 _aDriver P.
_922711
942 _2udc
_cBK
955 _a3
999 _c283283
_d283283